Medaliści Plusligi - Statystyki

Ogólne statystyki
  • Ten quiz został rozwiązany 59 razy
  • Średni wynik to 63 z 72
Statystyki odpowiedzi
Sezon Drużyna % Poprawnych
2003/04 Jastrzębski Węgiel
98%
2020/21 Jastrzębski Węgiel
98%
2022/23 Jastrzębski Węgiel
98%
2023/24 Jastrzębski Węgiel
98%
2005/06 Jastrzębski Węgiel
98%
2006/07 Jastrzębski Węgiel
98%
2009/10 Jastrzębski Węgiel
98%
2021/22 Jastrzębski Węgiel
98%
2000/01 Jastrzębski Węgiel
98%
2002/03 Jastrzębski Węgiel
98%
2008/09 Jastrzębski Węgiel
98%
2012/13 Jastrzębski Węgiel
98%
2013/14 Jastrzębski Węgiel
98%
2016/17 Jastrzębski Węgiel
98%
2018/19 Jastrzębski Węgiel
98%
2004/05 Skra Bełchatów
94%
2005/06 Skra Bełchatów
94%
2006/07 Skra Bełchatów
94%
2007/08 Skra Bełchatów
94%
2008/09 Skra Bełchatów
94%
2009/10 Skra Bełchatów
94%
2010/11 Skra Bełchatów
94%
2013/14 Skra Bełchatów
94%
2017/18 Skra Bełchatów
94%
2011/12 Skra Bełchatów
94%
2016/17 Skra Bełchatów
94%
2001/02 Skra Bełchatów
94%
2014/15 Skra Bełchatów
94%
2015/16 Skra Bełchatów
94%
2000/01 ZAKSA Kędzierzyn- Koźle
92%
2001/02 ZAKSA Kędzierzyn- Koźle
92%
2002/03 ZAKSA Kędzierzyn- Koźle
92%
2015/16 ZAKSA Kędzierzyn- Koźle
92%
2016/17 ZAKSA Kędzierzyn- Koźle
92%
2018/19 ZAKSA Kędzierzyn- Koźle
92%
2021/22 ZAKSA Kędzierzyn- Koźle
92%
2010/11 ZAKSA Kędzierzyn- Koźle
92%
2012/13 ZAKSA Kędzierzyn- Koźle
92%
2017/18 ZAKSA Kędzierzyn- Koźle
92%
2020/21 ZAKSA Kędzierzyn- Koźle
92%
2022/23 ZAKSA Kędzierzyn- Koźle
92%
2011/12 ZAKSA Kędzierzyn- Koźle
92%
2011/12 Resovia Rzeszów
89%
2012/13 Resovia Rzeszów
89%
2014/15 Resovia Rzeszów
89%
2008/09 Resovia Rzeszów
89%
2013/14 Resovia Rzeszów
89%
2015/16 Resovia Rzeszów
89%
2009/10 Resovia Rzeszów
89%
2010/11 Resovia Rzeszów
89%
2022/23 Resovia Rzeszów
89%
2024/25 LUK Lublin
81%
2018/19 Projekt Warszawa
81%
2020/21 Projekt Warszawa
81%
2023/24 Projekt Warszawa
81%
2024/25 Projekt Warszawa
81%
2023/24 Warta Zawiercie
79%
2024/25 Warta Zawiercie
79%
2021/22 Warta Zawiercie
79%
2014/15 Trefl Gdańsk
75%
2017/18 Trefl Gdańsk
75%
2003/04 AZS Olsztyn
66%
2004/05 AZS Olsztyn
66%
2005/06 AZS Olsztyn
66%
2006/07 AZS Olsztyn
66%
2007/08 AZS Olsztyn
66%
2000/01 AZS Częstochowa
60%
2001/02 AZS Częstochowa
60%
2002/03 AZS Częstochowa
60%
2007/08 AZS Częstochowa
60%
2003/04 AZS Częstochowa
60%
2004/05 AZS Częstochowa
60%
Nie znaleziono quizów pasujących do podanych kryteriów
Rozkład punktacji
Procent ludzi z każdym wynikiem
Percentyl według liczby udzielonych odpowiedzi
Twoja historia wyników
Nie rozwiązałeś tego quizu